000 00474nam a2200181Ia 4500
008 131103s9999 xx 000 0 und d
040 _aLoreto College
041 _aEnglish
082 _a740/RIC
_bLCBED/3183
100 _aRichards, J. M.
245 _aModern architecture
_cJ. M. Richards
260 _aHarmondsworth
_bPenguin Books
_c1960
300 _a176p.
_c 20cm.
504 _aIncludes index
650 _aArchitecture
850 _aLCBED/740/RIC
942 _cBK
999 _c30029
_d80508